<?xml version="1.0" encoding="UTF-8"?>
<record
    xmlns:xsi="http://www.w3.org/2001/XMLSchema-instance"
    xsi:schemaLocation="http://www.loc.gov/MARC21/slim http://www.loc.gov/standards/marcxml/schema/MARC21slim.xsd"
    xmlns="http://www.loc.gov/MARC21/slim">

  <leader>01657nam a2200253 a 4500</leader>
  <controlfield tag="001">000036857</controlfield>
  <controlfield tag="003">DO-SdBNP</controlfield>
  <controlfield tag="005">20180216104823.0</controlfield>
  <controlfield tag="007">000036857</controlfield>
  <controlfield tag="008">120202s2011    dr ac         000 0 spa d</controlfield>
  <datafield tag="020" ind1=" " ind2=" ">
    <subfield code="a">9789945164626</subfield>
  </datafield>
  <datafield tag="040" ind1=" " ind2=" ">
    <subfield code="a">BPMSU</subfield>
    <subfield code="b">spa</subfield>
    <subfield code="c">BPMSU</subfield>
  </datafield>
  <datafield tag="092" ind1=" " ind2=" ">
    <subfield code="a">xxxx</subfield>
    <subfield code="b">V335f</subfield>
  </datafield>
  <datafield tag="100" ind1="1" ind2=" ">
    <subfield code="a">V&#xE1;squez Rond&#xF3;n, Ruddy A.,</subfield>
    <subfield code="d">1933-</subfield>
  </datafield>
  <datafield tag="245" ind1="1" ind2="0">
    <subfield code="a">Familia Rond&#xF3;n ra&#xED;ces y recuerdos. /</subfield>
    <subfield code="c">Ruddy A. V&#xE1;squez Rond&#xF3;n; pr&#xF3;logo Ponciano Rond&#xF3;n S&#xE1;nchez.</subfield>
  </datafield>
  <datafield tag="260" ind1=" " ind2=" ">
    <subfield code="a">Santo Domingo :</subfield>
    <subfield code="b">Editora B&#xFA;ho,</subfield>
    <subfield code="c">2011.</subfield>
  </datafield>
  <datafield tag="300" ind1=" " ind2=" ">
    <subfield code="a">153 p. :</subfield>
    <subfield code="b">il., retr. ;</subfield>
    <subfield code="c">24 cm.</subfield>
  </datafield>
  <datafield tag="500" ind1=" " ind2=" ">
    <subfield code="a">Incluye datos biogr&#xE1;ficos del autor en la solapa de la cubierta </subfield>
  </datafield>
  <datafield tag="505" ind1=" " ind2=" ">
    <subfield code="t">Historia y her&#xE1;ldica del apellido Rond&#xF3;n en Espa&#xF1;a --</subfield>
    <subfield code="t">Primera familia Rond&#xF3;n Leonardo -- </subfield>
    <subfield code="t">Familia Vilorio --</subfield>
    <subfield code="t">El primogenito -- </subfield>
    <subfield code="t">Don Eliseo Rond&#xF3;n Vilorio (Eliso) --</subfield>
    <subfield code="t">Don Vinicio Rond&#xF3;n Vilorio (Venero) --</subfield>
    <subfield code="t">Do&#xF1;a Marcelina Rond&#xF3;n Vilorio --</subfield>
    <subfield code="t">Don Porfirio V&#xED;ctor Rond&#xF3;n -- </subfield>
    <subfield code="t">Do&#xF1;a Antelia Rond&#xF3;n Vilorio -- </subfield>
    <subfield code="t">Familia V&#xE1;squez Rond&#xF3;n -- </subfield>
    <subfield code="t">Profesor Pilar Rond&#xF3;n Vilorio -- </subfield>
    <subfield code="t">Do&#xF1;a Vitalia Rond&#xF3;n Vilorio --</subfield>
    <subfield code="t">Do&#xF1;a Luz Mar&#xED;a Rod&#xF3;n Vilorio -- </subfield>
    <subfield code="t">Don Demetrio Rond&#xF3;n Vilorio --</subfield>
    <subfield code="t">2da. Familia Rond&#xF3;n Leonardo (Mach&#xED;n)</subfield>
    <subfield code="t">Procedentes -- </subfield>
    <subfield code="t">La &#xE9;poca </subfield>
    <subfield code="t">Municipio de Hato Mayor del Rey -- </subfield>
    <subfield code="t">Geograf&#xED;a -- </subfield>
    <subfield code="t">Hato Mayor en la Independencia Nacional --</subfield>
    <subfield code="t">Hato MAyor y la Rep&#xFA;blica -- </subfield>
    <subfield code="t">Presidencia y muerte de Pedro Guillermo, el Caudillo de Hato Mayor --</subfield>
    <subfield code="t">Pr&#xF3;ceres de Hato Mayor -- </subfield>
    <subfield code="t">Hato Mayor y la cultura -- </subfield>
    <subfield code="t">&#xCD;dice por nombre.</subfield>
  </datafield>
  <datafield tag="700" ind1="1" ind2=" ">
    <subfield code="a">Rond&#xF3;n S&#xE1;nchez, Ponciano</subfield>
  </datafield>
  <datafield tag="942" ind1=" " ind2=" ">
    <subfield code="2">ddc</subfield>
    <subfield code="c">BK</subfield>
  </datafield>
  <datafield tag="945" ind1=" " ind2=" ">
    <subfield code="a">Inventariado / 2018 VM</subfield>
  </datafield>
  <datafield tag="952" ind1=" " ind2=" ">
    <subfield code="0">0</subfield>
    <subfield code="1">0</subfield>
    <subfield code="2">ddc</subfield>
    <subfield code="4">0</subfield>
    <subfield code="7">0</subfield>
    <subfield code="8">CD</subfield>
    <subfield code="a">BPMET</subfield>
    <subfield code="b">BPMET</subfield>
    <subfield code="d">2015-07-31</subfield>
    <subfield code="l">0</subfield>
    <subfield code="p">BPM15070454</subfield>
    <subfield code="r">2015-07-31</subfield>
    <subfield code="w">2015-07-31</subfield>
    <subfield code="y">BK</subfield>
  </datafield>
  <datafield tag="952" ind1=" " ind2=" ">
    <subfield code="0">0</subfield>
    <subfield code="1">0</subfield>
    <subfield code="2">ddc</subfield>
    <subfield code="4">0</subfield>
    <subfield code="7">0</subfield>
    <subfield code="8">CD</subfield>
    <subfield code="a">BPMET</subfield>
    <subfield code="b">BPMET</subfield>
    <subfield code="d">2015-07-31</subfield>
    <subfield code="l">0</subfield>
    <subfield code="p">BPMSU15070455</subfield>
    <subfield code="r">2015-07-31</subfield>
    <subfield code="t">e. 3</subfield>
    <subfield code="w">2015-07-31</subfield>
    <subfield code="y">BK</subfield>
  </datafield>
  <datafield tag="952" ind1=" " ind2=" ">
    <subfield code="0">0</subfield>
    <subfield code="1">0</subfield>
    <subfield code="2">ddc</subfield>
    <subfield code="4">0</subfield>
    <subfield code="7">0</subfield>
    <subfield code="8">CD</subfield>
    <subfield code="a">BPMET</subfield>
    <subfield code="b">BPMET</subfield>
    <subfield code="d">2015-07-31</subfield>
    <subfield code="l">0</subfield>
    <subfield code="p">BPMSU15070456</subfield>
    <subfield code="r">2015-07-31</subfield>
    <subfield code="t">e. 3</subfield>
    <subfield code="w">2015-07-31</subfield>
    <subfield code="y">BK</subfield>
  </datafield>
  <datafield tag="956" ind1=" " ind2=" ">
    <subfield code="a">VMATEO</subfield>
    <subfield code="b">10</subfield>
    <subfield code="c">20150731</subfield>
    <subfield code="l">BPMSU</subfield>
    <subfield code="h">00151</subfield>
  </datafield>
  <datafield tag="999" ind1=" " ind2=" ">
    <subfield code="c">8032</subfield>
    <subfield code="d">8032</subfield>
  </datafield>
</record>
